| 000 | 00560nam a2200169Ia 4500 | ||
|---|---|---|---|
| 005 | 20250424120332.0 | ||
| 008 | 250424s9999 xx 000 0 und d | ||
| 022 | _a21412898 | ||
| 050 | _aJQ 3081 .A1 P78/ | ||
| 245 | 4 | _aThe nigerian public administrator | |
| 260 | _aNigeria | ||
| 260 | _bChartered institute of local government | ||
| 260 | _c2014 | ||
| 300 | _a72 p. :ill. ; 29 cm. | ||
| 650 | _aChartered Institute of Local Government and Public Administration of Nigeria--Periodicals. Public administration--Nigeria--Perio | ||
| 942 | _cSR | ||
| 999 |
_c38726 _d38726 |
||